000 00939nam a2200313 i 4500
001 bg
003 BPK
005 20210917085716.0
008 980515s1998 pl f |000 0 pol
015 _aPB 1998/5394
020 _a8320811171
040 _aWA N
_cBPK
080 _a659.1
080 _a(083.1)
100 1 _aKall, Jacek
_d(1962- )
_eAutor
245 0 0 _aReklama /
_cJacek Kall.
250 _aWyd. 2 zm.
260 _aWarszawa :
_bPolskie Wydaw. Ekonomiczne,
_c1998.
300 _a200 s. ;
_c21 cm.
490 1 _aMarketing bez Tajemnic.
500 _aNa s. 4 okł. błędny ISBN.
504 _aBibliogr. s. 197-200.
650 4 _aReklama
655 4 _aPoradnik
710 2 _aPolskie Wydawnictwo Ekonomiczne
_4pbl.
830 0 _aMarketing bez Tajemnic
942 _2UKD
_cKS
856 _uhttp://koha.tu.koszalin.pl/cgi-bin/koha/opac-detail.pl?biblionumber=33345
_yKatalog online BPK
999 _c33345
_d33345